Элементный и минеральный составы листьев тополя как индикаторы влияния горнорудной промышленности; Радиоактивность и радиоактивные элементы в среде обитания человека; Т. 2

Podrobná bibliografie
Parent link:Радиоактивность и радиоактивные элементы в среде обитания человека: материалы VI Международной конференции, Томск, 20-24 сентября 2021 г./ Национальный исследовательский Томский политехнический университет [и др.] ; гл. ред. Е. Г. Язиков ; под ред. С. И. Арбузова [и др.].— , 2021
Т. 2.— 2021.— [С. 123-127]
Hlavní autor: Дорохова Л. А.
Korporativní autor: Национальный исследовательский Томский политехнический университет Инженерная школа природных ресурсов Отделение геологии
Další autoři: Юсупов Д. В. Дмитрий Валерьевич, Павлова Л. М.
Shrnutí:Заглавие с экрана
The paper presents the biogeochemical monitoring studies using a set of methods, which allowed obtaining data on the distribution of chemical elements in the leaves of poplar (P. balsamifera L.) in areas with mining industry. It has been established that the elemental and mineral composition of poplar leaves characterizes the presence of operating enterprises in the territories. Indicator elements and their forms of occurrence on poplar leaves in the zone of influence of the mining industry are: for Krasnokamensk U, the "Vesely" mine - Au, Cu and Ag, Sorsk - Mo.
Jazyk:ruština
Vydáno: 2021
Témata:
On-line přístup:http://earchive.tpu.ru/handle/11683/68851
Médium: MixedMaterials Elektronický zdroj Kapitola
KOHA link:https://koha.lib.tpu.ru/cgi-bin/koha/opac-detail.pl?biblionumber=633807

MARC

LEADER 00000naa2a2200000 4500
001 633807
005 20231101133759.0
035 |a (RuTPU)RU\TPU\conf\35557 
035 |a RU\TPU\conf\35556 
090 |a 633807 
100 |a 20211025d2021 k y0rusy50 ca 
101 0 |a rus  |d eng 
102 |a RU 
105 |a y z 101zy 
135 |a drcn ---uucaa 
181 0 |a i  
182 0 |a b 
200 1 |a Элементный и минеральный составы листьев тополя как индикаторы влияния горнорудной промышленности  |d Elemental and mineral composition of poplar leaves as indicators of the influence of the mining industry  |f Л. А. Дорохова, Д. В. Юсупов, Л. М. Павлова 
203 |a Текст  |c электронный 
230 |a 1 компьютерный файл (pdf; 807 Kb) 
300 |a Заглавие с экрана 
320 |a [Библиогр.: с. 127 (7 назв.)] 
330 |a The paper presents the biogeochemical monitoring studies using a set of methods, which allowed obtaining data on the distribution of chemical elements in the leaves of poplar (P. balsamifera L.) in areas with mining industry. It has been established that the elemental and mineral composition of poplar leaves characterizes the presence of operating enterprises in the territories. Indicator elements and their forms of occurrence on poplar leaves in the zone of influence of the mining industry are: for Krasnokamensk U, the "Vesely" mine - Au, Cu and Ag, Sorsk - Mo. 
461 1 |0 (RuTPU)RU\TPU\conf\35327  |t Радиоактивность и радиоактивные элементы в среде обитания человека  |o материалы VI Международной конференции, Томск, 20-24 сентября 2021 г.  |o в 2 т.  |f Национальный исследовательский Томский политехнический университет [и др.] ; гл. ред. Е. Г. Язиков ; под ред. С. И. Арбузова [и др.]  |d 2021 
463 1 |0 (RuTPU)RU\TPU\conf\35335  |t Т. 2  |v [С. 123-127]  |d 2021 
510 1 |a Elemental and mineral composition of poplar leaves as indicators of the influence of the mining industry  |z eng 
610 1 |a труды учёных ТПУ 
610 1 |a электронный ресурс 
610 1 |a элементный состав 
610 1 |a минеральный состав 
610 1 |a листья 
610 1 |a индикаторы 
610 1 |a горнорудная промышленность 
610 1 |a загрязнения 
610 1 |a атмосферный воздух 
700 1 |a Дорохова  |b Л. А. 
701 1 |a Юсупов  |b Д. В.  |c геолог  |c доцент Томского политехнического университета, кандидат геолого-минералогических наук  |f 1977-  |g Дмитрий Валерьевич  |2 stltpush  |3 (RuTPU)RU\TPU\pers\31864 
701 1 |a Павлова  |b Л. М. 
712 0 2 |a Национальный исследовательский Томский политехнический университет  |b Инженерная школа природных ресурсов  |b Отделение геологии  |h 8083  |2 stltpush  |3 (RuTPU)RU\TPU\col\23542 
801 2 |a RU  |b 63413507  |c 20211109  |g RCR 
856 4 |u http://earchive.tpu.ru/handle/11683/68851 
942 |c BK